000 00703nam a2200229 i 4500
001 13895
003 ES-MaACL
005 20250823105114.0
007 t|
008 980731s1997 sp ||||1| spa d
020 _a84-8138-204-3
080 _a78:29
080 _a29:78
100 1 _aRuiz de Elvira, Antonio.
_9186519
245 1 0 _aMitología clásica y música occidental /
_cAntonio Ruiz de Elvira.
260 _a[Alcalá de Henares] :
_bUniversidad de Alcalá,
_c1997.
300 _a137 p. :
_bil. col. ;
_c24 cm.
650 1 7 _aMúsica y mitología
_2embne
_915422
710 2 _aUniversidad de Alcalá de Henares.
_97135
852 _aES-MaACL
_jL-21274
_bR.126665
999 _c13895
_d13895